¿Cómo conjugar la LOGSE con la LODE? (Record no. 64383)

MARC details
000 -CABECERA
campo de control de longitud fija 00688nam a2200241 a 4500
005 - FECHA Y HORA DE LA ÚLTIMA TRANSACCIÓN
campo de control 20210223123815.0
008 - ELEMENTOS DE LONGITUD FIJA--INFORMACIÓN GENERAL
campo de control de longitud fija 991125n 000 0 u
035 ## - NÚMERO DE CONTROL DEL SISTEMA
Número de control de sistema UPN01000068162
100 ## - ASIENTO PRINCIPAL--NOMBRE PERSONAL
Nombre de persona Bolívar Botía, Antonio, 1952-
9 (RLIN) 31294
222 ## - TÍTULO CLAVE
Título clave ESCUELA ESPAÑOLA : PERIODICO PROFESIONAL DE EDUCACIÓN
245 ## - MENCIÓN DE TÍTULO
Título ¿Cómo conjugar la LOGSE con la LODE?
300 ## - DESCRIPCIÓN FÍSICA
Extensión 17-18
362 ## - FECHAS DE PUBLICACIÓN Y/O DESIGNACIÓN SECUENCIAL
Fecha de publicación y/o designación secuencial 1993 Año 53, no. 3156 (sep.)
440 #0 - MENCIÓN DE SERIE/ASIENTO SECUNDARIO--TÍTULO
Título 1277-1278
653 0# - TERMINO DE INDIZACION - NO CONTROLADO
Término no controlado DESCENTRALIZACION EDUCATIVA
653 0# - TERMINO DE INDIZACION - NO CONTROLADO
Término no controlado ESPAÑA
653 0# - TERMINO DE INDIZACION - NO CONTROLADO
Término no controlado LEGISLACION EDUCATIVA
653 0# - TERMINO DE INDIZACION - NO CONTROLADO
Término no controlado LODE
653 0# - TERMINO DE INDIZACION - NO CONTROLADO
Término no controlado LOGSE
653 0# - TERMINO DE INDIZACION - NO CONTROLADO
Término no controlado SISTEMA EDUCATIVO NACIONAL
904 ## - ELEMENTOS DE DATOS D LOCAL, LDD (RLIN)
a AC
b 005973
905 ## - TIPO DE MATERIAL
Tipo de material Articulo

No items available.